000 00342nam a22001457a 4500
003 OSt
005 20211222154645.0
008 211222b |||||||| |||| 00| 0 eng d
020 _a013648009
040 _cHU
082 _a004.35BER1989
100 _aBertsekas
_924386
245 _aParallel & Distributed Computation
942 _2ddc
_cBOOKS
_n0
999 _c23523
_d23523